| 000 | 00359 a2200169 4500 | ||
|---|---|---|---|
| 001 | 191636 | ||
| 020 | _a | ||
| 040 | _cMagnum | ||
| 100 | _aScripes, Martha Francisca | ||
| 240 | 1 | 0 |
_aA festa no galinheiro _lpor |
| 245 | 1 | 0 | _aA festa no galinheiro |
| 300 | _a32 | ||
| 362 | 0 | _a1998 | |
| 440 | 1 | _aScripes | |
| 697 | _aLITERATURA INFANTIL | ||
| 942 | _cBK | ||
| 999 |
_c191636 _d191636 |
||